Синтез регулятора маховичного электромеханического исполнительного органа; Известия Томского политехнического университета [Известия ТПУ]; Т. 320, № 4 : Энергетика

Bibliographic Details
Parent link:Известия Томского политехнического университета [Известия ТПУ]/ Томский политехнический университет (ТПУ).— , 2000-
Т. 320, № 4 : Энергетика.— 2012.— [С. 162-166]
Main Author: Завьялова О. Ю.
Other Authors: Казанцев Ю. М. Юрий Михайлович
Summary:Заглавие с титульного листа
Электронная версия печатной публикации
Разработана имитационная модель электромеханического исполнительного органа, использование которой позволяет исследовать режимы работы и оптимизировать стратегии управления, обеспечивающие оптимальное функционирование системы. Предложен метод синтеза регулятора тока, сущность которого заключается в прогнозировании пульсирующей составляющей тока силовой цепи, позволяющий повысить качество регулирования вращающего момента вентильного электродвигателя в широком диапазоне частот вращения с уменьшением зоны нечувствительности и увеличением точности.
Language:Russian
Published: 2012
Series:Энергетика
Subjects:
Online Access:http://earchive.tpu.ru/bitstream/11683/4224/1/bulletin_tpu-2012-320-4-34.pdf
Format: Electronic Book Chapter
KOHA link:https://koha.lib.tpu.ru/cgi-bin/koha/opac-detail.pl?biblionumber=218741

MARC

LEADER 00000nla2a2200000 4500
001 218741
005 20231031194937.0
035 |a (RuTPU)RU\TPU\book\238772 
035 |a RU\TPU\book\238767 
090 |a 218741 
100 |a 20120625d2012 k y0rusy50 ca 
101 0 |a rus 
102 |a RU 
135 |a drnn ---uucaa 
181 0 |a i  
182 0 |a b 
200 1 |a Синтез регулятора маховичного электромеханического исполнительного органа  |b Электронный ресурс  |f О. Ю. Завьялова, Ю. М. Казанцев 
203 |a Текст  |c электронный 
215 |a 1 файл (852 Кб) 
225 1 |a Энергетика 
230 |a Электронные текстовые данные (1 файл : 852 Кб) 
300 |a Заглавие с титульного листа 
300 |a Электронная версия печатной публикации 
320 |a [Библиогр.: с. 166 (3 назв.)] 
330 |a Разработана имитационная модель электромеханического исполнительного органа, использование которой позволяет исследовать режимы работы и оптимизировать стратегии управления, обеспечивающие оптимальное функционирование системы. Предложен метод синтеза регулятора тока, сущность которого заключается в прогнозировании пульсирующей составляющей тока силовой цепи, позволяющий повысить качество регулирования вращающего момента вентильного электродвигателя в широком диапазоне частот вращения с уменьшением зоны нечувствительности и увеличением точности. 
337 |a Adobe Reader 
461 1 |0 (RuTPU)RU\TPU\book\176237  |t Известия Томского политехнического университета [Известия ТПУ]  |f Томский политехнический университет (ТПУ)  |d 2000- 
463 1 |0 (RuTPU)RU\TPU\book\237740  |x 1684-8519  |t Т. 320, № 4 : Энергетика  |v [С. 162-166]  |d 2012  |p 196 с. 
610 1 |a электромеханический исполнительный орган 
610 1 |a синтез 
610 1 |a регуляторы 
610 1 |a прогнозирование 
610 1 |a силовые цепи 
610 1 |a токи 
610 1 |a пульсирующие составляющие 
610 1 |a космические аппараты 
610 1 |a системы ориентации 
610 1 |a труды учёных ТПУ 
610 1 |a электронный ресурс 
700 1 |a Завьялова  |b О. Ю. 
701 1 |a Казанцев  |b Ю. М.  |c российский ученый, специалист в области автоматизированного проектирования электронных устройств  |c профессор Томского политехнического университета, доктор технических наук  |f 1946-  |g Юрий Михайлович  |2 stltpush  |3 (RuTPU)RU\TPU\pers\25671 
801 1 |a RU  |b 63413507  |c 20090623  |g PSBO 
801 2 |a RU  |b 63413507  |c 20211230  |g PSBO 
856 4 |u http://earchive.tpu.ru/bitstream/11683/4224/1/bulletin_tpu-2012-320-4-34.pdf 
942 |c CF